Statistiken für Gemeinden des Kreises Gütersloh (NRW)

Klicken Sie hier um das Quiz zu spielen!

Allgemein

  • Dieses Quiz wurde 161 mal gespielt
  • Das Durchschnittsergebnis liegt bei 8 aus 13

Antwortstatistiken

Gemeinde% Korrekt
Gütersloh
86%
Rheda-Wiedenbrück
85%
Verl
73%
Halle (Westfalen)
70%
Rietberg
70%
Harsewinkel
67%
Schloß Holte-Stukenbrock
63%
Herzebrock-Clarholz
58%
Werther (Westfalen)
53%
Versmold
51%
Steinhagen
49%
Borgholzhausen
43%
Langenberg
40%

Verteilung der Resultate

Perzentil nach korrekt beantworteten Fragen

Anzahl Personen mit jedem Resultat

Ihre Resultats-Entwicklung

Sie haben dieses Quiz noch nicht gespielt